| 000 | 00617nam a22002177a 4500 | ||
|---|---|---|---|
| 003 | OSt | ||
| 005 | 20140507131020.0 | ||
| 008 | 140507b xxu||||| |||| 00| 0 eng d | ||
| 020 | _a9780443071164 | ||
| 050 |
_aQP 34.5 _b.P578 2003 |
||
| 245 |
_aPhysiology for health care and nursing / _cedited by: Sheenan Kindlen. |
||
| 250 | _a2nd ed. | ||
| 260 |
_aUK : _bChurchill Livingstone, _cc2003. |
||
| 300 |
_ax, 582 p. : _bcol. ill. ; _c28 cm. |
||
| 521 | _aNUR | ||
| 650 | _aHuman physiology. | ||
| 650 | _aHuman anatomy. | ||
| 650 |
_aPhysiology _xNurses’ Instruction. |
||
| 942 |
_2lcc _cBK |
||
| 999 |
_c115832 _d115832 |
||